000 01186pam a2200313 a 4500
001 016036182
003 OSt
005 20141008133305.0
008 120217s2011 xxuadk frbf 001 0 eng d
020 _a9781462504497 (pbk.)
020 _a1462504493 (pbk.)
020 _a9781606238684 (hbk.)
040 _aStDuBDS
_beng
_cStDuBDS
_dUk
_dEG-ScBUE
082 0 0 _a616.89
_222
_bHAN
245 0 0 _aHandbook of assessment and treatment planning for psychological disorders /
_cedited by Martin M. Antony, David H. Barlow.
250 _a2nd ed.
260 _aNew York, United States :
_bThe Guilford Press,
_c2011
_e([Washington] :
_fAcid-Free Paper)
300 _axiv, 706 p. :
_bcharts, forms, tables ;
_c26 cm.
500 _aThis ed. originally published : 2010.
500 _aIncludes indexes.
504 _aIncludes bibliographical references.
650 0 _aMental illness
_xDiagnosis
_922381
_vHandbooks, manuals, etc.
650 0 _aMental illness
_xDiagnosis
_922381
_vHandbooks, manuals, etc.
653 _bPPhrm
_cOctober2014
655 _vtext book
_933728
700 1 _aAntony, Martin M.
_936165
_eeditor.
700 1 _aBarlow, David H.
_936166
_eeditor.
942 _2ddc
_k616.89 HAN
999 _c18437
_d18409